Statistiques concernant Toutes les écuries de Formule 1 depuis 1950

Cliquez ici pour prendre le quiz!

Statistiques générales

  • Ce quiz a été pris 111 fois
  • Le résultat moyen est 28 sur 143

Statistiques - réponses

SaisonsCoursesÉcurie% Correct
1950–1076Ferrari
100%
19651RE
99%
1954–1955, 2010–293Mercedes
98%
2005–370Red Bull
96%
1966–950McLaren
95%
1977–1985, 2002–2011, 2016–2020403Renault
91%
1978–803Williams
89%
2021–66Alpine
88%
1959–1960, 2021–72Aston Martin
81%
1993–2018465Sauber / BMW Sauber
80%
2016–166Haas
77%
2020–61Alpha Tauri
76%
1950–1951, 1979–1985, 2019–214Alfa Romeo
74%
1958–1994491Lotus
63%
2010–201138Lotus
63%
2012–201577Lotus
63%
2024–0Stake
60%
20189Racing Point Force India
59%
2006–2019268Scuderia Toro Rosso
59%
2008–2018203Force India
55%
2024–0Racing Bulls
54%
1986–2001260Benetton
52%
2019–202038Racing Point
46%
1962–1987, 1989–1992402Brabham
41%
1964–1968, 2006–200899Honda
41%
2002–2009140Toyota
40%
1985–2005346Minardi
39%
1950–196073Maserati
37%
2012–201574Marussia
35%
200917Brawn
34%
1997–200183Prost
34%
2000–200485Jaguar
33%
19604Behra–Porsche
32%
1957–196435Porsche
32%
1970–1998433Tyrrell
32%
1991–2005250Jordan
31%
1976–1996330Ligier
29%
199116Lambo (Modena Team)
27%
19561Bugatti
21%
201621Manor
21%
2012–201456Caterham
19%
2010–201256HRT
19%
1978–2002393Arrows
18%
1999–2005118BAR (British American Racing)
17%
1951, 1956–1977208BRM (British Racing Motors)
17%
1950, 1952–1969129Cooper
17%
2006–200839Super Aguri
15%
1962–1963, 1967–1968, 1974–1975,
1985–1991, 1997
152Lola
13%
1954–196029Vanwall
13%
1967–197261Matra
12%
2010–201138Virgin
12%
1954–19554Lancia
11%
1950–195315Simca–Gordini
11%
1997–199949Stewart
11%
1975–1982120Fittipaldi (Copersucar)
9%
1952–195633Gordini
9%
199014Life
9%
1981–198570Toleman
9%
19929Andrea Moda
8%
1988–199280Dallara
8%
197512Hill
8%
1995–199627Forti
7%
1993–199432Larrousse
7%
200618Midland
7%
1994–199533Pacific
7%
200717Spyker
7%
1970–1978119Surtees
7%
1950–195113Talbot–Lago
7%
1977–197948Wolf
7%
1986–199180AGS (Automobiles Gonfaronnaises Sportives)
6%
19635ATS (Automobili Turismo e Sport)
6%
1966–196926Eagle (Anglo American Racers)
6%
1980–1990172Osella
6%
1994–199521Simtek
6%
1950–19525Alta
5%
1961–1963, 197015De Tomaso
5%
1973–1982134Ensign
5%
1988–199046EuroBrun
5%
1991–199228Fondmetal
5%
1990–199132Leyton House
5%
1989–199026Onyx
5%
1983–198544RAM
5%
1985–198974Zakspeed
5%
1952–19534AFM (Alex von Falkenhausen Motorenbau)
4%
19771Apollon
4%
1977–1984107ATS (Auto Technisches Spezialzubehör)
4%
1987–199165Coloni
4%
19611Ferguson
4%
1974–197860Hesketh
4%
19591Kurtis
4%
1970–1978, 1981–1982, 1987–1989, 1992208March
4%
19787Martini
4%
1974–197741Penske
4%
1988–198932Rial
4%
1972–197313Tecno
4%
199216Venturi
4%
1970–19716Bellasi
3%
1976–19778Boro
3%
1952–195918Connaught
3%
1956, 1961–19626Emeryson
3%
1950–19527ERA (English Racing Automobiles)
3%
1962–1963, 1965, 1967–19685LDS
3%
1973–1980112Shadow
3%
1983–198525Spirit
3%
1978, 1981–198351Theodore
3%
1963–196413BRP (British Racing Partnership)
2%
19524Frazer–Nash
2%
1961–19636Gilby
2%
1951–195516HWM (Hersham and Walton Motors)
2%
1959–19616JBW
2%
1974–19752Lyncar
2%
1951–1953, 19587OSCA (Officine Specializate
Costruzione Automobili)
2%
1974–197616Parnelli
2%
19605Scarab
2%
1963–19647Scirocco
2%
1951–19536Veritas
2%
19744Amon
1%
19722Connew
1%
19728Eifelland
1%
19531EMW (Eisenacher Motorenwerk)
1%
1972–197661Frank WIlliams Racing Cars
1%
19541Klenk
1%
19775LEC
1%
19771McGuire
1%
1978–197931Merzario
1%
19661Shannon
1%
19631Stebro
1%
19743Token
1%
19748Trojan
1%
19551Arzani–Volpini
0%
19534Aston Butterworth
0%
19521Cisitalia
0%
1963–19651De Klerk
0%
19641Derrington–Francis
0%
19621ENB (Ecurie Nationale Belge)
0%
19591Fry
0%
19521Greifzu
0%
19792Kauhsen
0%
1976–19772Kojima
0%
1974–19768Maki
0%
19501Milano
0%
19793Rebaque
0%
19591Tec–Mec
0%

Distribution des résultats

Percentile par nombre de réponses

% des personnes avec chaque résultat

Votre développement - résultats

Vous n’avez pas pris ce quiz